000 00538pab a2200181 454500
008 180718b2011 xxu||||| |||| 00| 0 eng d
100 _aAggarwal, Aradhana
245 _aAchieving equity in health through community based health insurance: India experience with large CBHI programme
260 _c2011
300 _ap1657-1676.
362 _aNov
650 _aHealth services - India
650 _aSocial security - India
650 _aSocial security
773 _aJournal of Development Studies
908 _aN
909 _a94294
999 _c94294
_d94294